[Event "Titled Tue 27th May Late"]
[Site "chess.com INT"]
[Date "2025.05.27"]
[Round "8"]
[White "Schmider, Niklas"]
[Black "Mafra, Kaiser Luiz"]
[Result "1-0"]
[WhiteTitle "IM"]
[BlackTitle "CM"]
[WhiteElo "2421"]
[BlackElo "2094"]
[WhiteFideId "12993778"]
[BlackFideId "2106698"]
[EventDate "2025.05.27"]

1. e4 c5 2. Nf3 d6 3. Bb5+ Bd7 4. Bxd7+ Qxd7 5. O-O Nf6 6. Nc3 e5 7. d3 Be7 8.
Bg5 h6 9. Bxf6 Bxf6 10. Nd2 O-O 11. Nc4 b5 12. Ne3 Nc6 13. Ncd5 Bg5 14. Nf5 Ne7
15. Nfxe7+ Bxe7 16. Qh5 Bd8 17. f4 exf4 18. Rxf4 Bg5 19. Rf3 Rae8 20. Raf1 Re5
21. Qh3 Qxh3 22. Rxh3 c4 23. Rhf3 cxd3 24. cxd3 a5 25. R1f2 a4 26. a3 Ree8 27.
Rc2 Rc8 28. Rff2 Rc5 29. d4 Rxd5 30. exd5 Be3 31. Kf1 Bxf2 32. Kxf2 Rb8 33. Rc6
b4 34. Rxd6 bxa3 35. bxa3 Rb2+ 36. Kf3 Rb3+ 37. Ke4 Rxa3 38. Rd7 Kf8 39. d6 Ra1
40. Rd8# 1-0

[Event "Titled Tue 27th May Late"]
[Site "chess.com INT"]
[Date "2025.05.27"]
[Round "8"]
[White "Wang, Daniel"]
[Black "Yushko, Olga"]
[Result "1-0"]
[WhiteTitle "CM"]
[BlackTitle "WFM"]
[WhiteElo "2030"]
[BlackElo "2036"]
[WhiteFideId "3238873"]
[BlackFideId "14114500"]
[EventDate "2025.05.27"]

1. e4 Nf6 2. e5 Nd5 3. d4 d6 4. Nf3 Bg4 5. Bc4 c6 6. h3 Bxf3 7. Qxf3 dxe5 8.
dxe5 e6 9. O-O Nd7 10. Nc3 Nxe5 11. Qe4 Nxc4 12. Qxc4 Be7 13. Bd2 O-O 14. Rad1
Qb6 15. b3 Rad8 16. Ne4 Nf6 17. Be3 Qa5 18. Nxf6+ Bxf6 19. a4 a6 20. Bc5 Rfe8
21. Bb4 Qc7 22. Qc5 Rd5 23. Rxd5 exd5 24. Rd1 Qf4 25. g3 Qf3 26. Rd3 Qf5 27. Re3
Rxe3 28. Qf8# 1-0

[Event "Titled Tue 27th May Late"]
[Site "chess.com INT"]
[Date "2025.05.27"]
[Round "8"]
[White "Lazniewska, Zofia"]
[Black "Bulgurlu, Okan"]
[Result "0-1"]
[WhiteTitle "WFM"]
[BlackTitle "CM"]
[WhiteElo "1906"]
[BlackElo "1964"]
[WhiteFideId "21847266"]
[BlackFideId "6352316"]
[EventDate "2025.05.27"]

1. e4 c5 2. c3 d5 3. exd5 Qxd5 4. d4 Nf6 5. Nf3 Nc6 6. Be3 cxd4 7. cxd4 e5 8.
Nc3 Bb4 9. dxe5 Qxd1+ 10. Rxd1 Ng4 11. Bb5 O-O 12. Bxc6 Nxe3 13. fxe3 bxc6 14.
Nd4 Bg4 15. Rd2 Rac8 16. O-O Rfe8 17. Rf4 Bh5 18. Nxc6 Bxc3 19. bxc3 Rxc6 20.
Ra4 a6 21. c4 h6 22. Rd6 Re6 23. c5 Rxc5 24. Raxa6 Rexe5 25. Kf2 Rc2+ 26. Kg3 0-1

[Event "Titled Tue 27th May Late"]
[Site "chess.com INT"]
[Date "2025.05.27"]
[Round "8"]
[White "Kosakowski, Jakub"]
[Black "Martin Fuentes, Alberto"]
[Result "1-0"]
[WhiteTitle "GM"]
[BlackTitle "FM"]
[WhiteElo "2530"]
[BlackElo "2376"]
[WhiteFideId "1185080"]
[BlackFideId "2292289"]
[EventDate "2025.05.27"]

1. e4 e6 2. d4 d5 3. Bd3 Be7 4. Nf3 c5 5. exd5 exd5 6. dxc5 Nf6 7. O-O O-O 8.
Be3 a5 9. h3 Ne4 10. c3 Nxc5 11. Bc2 Nc6 12. Nbd2 h6 13. Re1 Re8 14. Nb3 Ne4 15.
Nbd4 Bf6 16. a4 Bd7 17. Ne2 Be6 18. Nf4 Qd7 19. Qd3 Rad8 20. Rad1 Qc7 21. Nxe6
Rxe6 22. Bb3 Ne7 23. Nd4 Ra6 24. Nb5 Qe5 25. f3 Ng3 26. Bb6 Qb8 27. Bc7 Qc8 28.
Bxg3 1-0

[Event "Titled Tue 27th May Late"]
[Site "chess.com INT"]
[Date "2025.05.27"]
[Round "8"]
[White "Zhou, Abigail"]
[Black "Lazaro Azcutia, Miguel"]
[Result "1-0"]
[WhiteTitle "WCM"]
[BlackTitle "CM"]
[WhiteElo "1744"]
[BlackElo "2275"]
[WhiteFideId "39922081"]
[BlackFideId "54538254"]
[EventDate "2025.05.27"]

1. e4 e5 2. Nf3 Nc6 3. Bc4 Bc5 4. c3 Nf6 5. d3 d6 6. Nbd2 a5 7. O-O O-O 8. Re1
Bb6 9. Nf1 h6 10. Ng3 Be6 11. Bb3 Bxb3 12. axb3 d5 13. Qc2 Qd7 14. Nf5 Rad8 15.
Bd2 dxe4 16. dxe4 Qd3 17. Qxd3 Rxd3 18. Rad1 Rfd8 19. h3 Kf8 20. Kf1 Nd7 21.
Bxh6 Rxd1 22. Bxg7+ Kg8 23. Rxd1 Re8 24. Rxd7 1-0

[Event "Titled Tue 27th May Late"]
[Site "chess.com INT"]
[Date "2025.05.27"]
[Round "8"]
[White "Idani, Pouya"]
[Black "Karas, Marek"]
[Result "0-1"]
[WhiteTitle "GM"]
[BlackTitle "FM"]
[WhiteElo "2630"]
[BlackElo "2200"]
[WhiteFideId "12510130"]
[BlackFideId "14928558"]
[EventDate "2025.05.27"]

1. f4 Nh6 2. e4 d5 3. d3 dxe4 4. dxe4 Qxd1+ 5. Kxd1 e5 6. f5 Ng4 7. Nh3 Bc5 8.
Bd3 Nc6 9. c3 Bd7 10. Ke2 a5 11. Nd2 a4 12. Nf3 h5 13. Rd1 Na5 14. Rb1 Bb6 15.
b4 axb3 16. axb3 Nc6 17. Bc4 f6 18. b4 O-O-O 19. Ra1 Kb8 20. Nhg1 Nf2 21. Rd2
Nxe4 0-1

[Event "Titled Tue 27th May Late"]
[Site "chess.com INT"]
[Date "2025.05.27"]
[Round "8"]
[White "Naroditsky, Daniel"]
[Black "Barria, Jose"]
[Result "1-0"]
[WhiteTitle "GM"]
[BlackTitle "FM"]
[WhiteElo "2619"]
[BlackElo "2379"]
[WhiteFideId "2026961"]
[BlackFideId "1939300"]
[EventDate "2025.05.27"]

1. e4 c5 2. Nf3 Nc6 3. Bb5 e6 4. O-O Nge7 5. c3 d5 6. exd5 Qxd5 7. d4 cxd4 8. c4
Qh5 9. Nxd4 Qxd1 10. Rxd1 Bd7 11. Nb3 Nc8 12. c5 N8e7 13. Nc3 Nf5 14. Ne4 h5 15.
Na5 O-O-O 16. Bg5 f6 17. Nxc6 bxc6 18. Ba6+ Kb8 19. Rd3 fxg5 20. Rb3+ Kc7 21.
Rb7+ Kc8 22. Rd1 1-0

[Event "Titled Tue 27th May Late"]
[Site "chess.com INT"]
[Date "2025.05.27"]
[Round "8"]
[White "Sukandar, Irine Kharisma"]
[Black "Morris-Suzuki, Alan H"]
[Result "0-1"]
[WhiteTitle "IM"]
[WhiteElo "2330"]
[BlackElo "1986"]
[WhiteFideId "7101937"]
[BlackFideId "30933218"]
[EventDate "2025.05.27"]

1. Nf3 g6 2. b3 Bg7 3. d4 c5 4. Bb2 cxd4 5. Bxd4 Nf6 6. c4 Nc6 7. Bb2 O-O 8. e3
d5 9. cxd5 Qxd5 10. Qxd5 Nxd5 11. Bxg7 Kxg7 12. Bc4 Ndb4 13. Na3 a6 14. O-O b5
15. Be2 Bf5 16. h3 Rfd8 17. g4 Bd3 18. Rfe1 Rac8 19. Bxd3 Nxd3 20. Re2 Ncb4 21.
Nd4 e5 22. Ndc2 Nd5 23. Nb1 e4 24. Rd2 f5 25. gxf5 gxf5 26. Nd4 Rc1+ 27. Kh2 Kf6
28. Ne2 Rf1 29. Ng3 Rc1 30. Ne2 Re1 31. Nd4 Rg8 32. Re2 Reg1 33. f4 Nxe3 34. Nc3
R8g2+ 35. Rxg2 Rxg2+ 36. Kh1 Nf2# 0-1

[Event "Titled Tue 27th May Late"]
[Site "chess.com INT"]
[Date "2025.05.27"]
[Round "8"]
[White "Danzer, George"]
[Black "Alvarado, Carlos"]
[Result "0-1"]
[WhiteTitle "CM"]
[BlackTitle "CM"]
[WhiteElo "2172"]
[BlackElo "2032"]
[WhiteFideId "4659465"]
[BlackFideId "3800555"]
[EventDate "2025.05.27"]

1. e4 c6 2. d4 d5 3. e5 Bf5 4. h4 h6 5. g4 Be4 6. f3 Bh7 7. Bd3 Bxd3 8. Qxd3 e6
9. a3 a5 10. Ne2 Qb6 11. c3 c5 12. Nd2 Nc6 13. Rb1 h5 14. Nf1 Nh6 15. Nh2 O-O-O
16. b4 cxb4 17. axb4 axb4 18. cxb4 Kb8 19. b5 Na5 20. Kf2 hxg4 21. fxg4 Nc4 22.
Be3 f6 23. exf6 gxf6 24. Nc3 Nxe3 25. Kxe3 e5 26. Na4 Qe6 27. Rhg1 f5 28. dxe5
Qxe5+ 29. Kf3 Qxh2 30. b6 Nxg4 0-1

[Event "Titled Tue 27th May Late"]
[Site "chess.com INT"]
[Date "2025.05.27"]
[Round "8"]
[White "Montano Vicente, Guadalupe"]
[Black "Karas, Eugenia"]
[Result "1/2-1/2"]
[BlackTitle "WFM"]
[WhiteElo "1940"]
[BlackElo "2124"]
[WhiteFideId "5181399"]
[BlackFideId "463485"]
[EventDate "2025.05.27"]

1. d4 Nf6 2. c4 b6 3. Nf3 Bb7 4. g3 e6 5. Bg2 Be7 6. O-O O-O 7. d5 exd5 8. Nh4
c6 9. cxd5 cxd5 10. Nc3 d6 11. Nxd5 Nxd5 12. Bxd5 Bxd5 13. Qxd5 Nd7 14. Nf5 Nf6
15. Qd4 d5 16. Nxe7+ Qxe7 17. Bg5 Rac8 18. e3 h6 19. Bxf6 Qxf6 20. Qxf6 gxf6 21.
Rfd1 Rc2 22. Rab1 Rfc8 23. Rxd5 Re2 24. Rf5 Kg7 25. a4 Rcc2 26. b4 Kg6 27. Rf4
Ra2 28. b5 Rac2 29. Ra1 Rb2 30. h3 Rec2 31. Rd1 Rd2 32. Rc1 Rdc2 33. Rd1 Rd2 34.
Rc1 Rdc2 35. Rd1 1/2-1/2

[Event "Titled Tue 27th May Late"]
[Site "chess.com INT"]
[Date "2025.05.27"]
[Round "8"]
[White "Bongo Akanga Ndjila, Barthelemy"]
[Black "Amarasinghe, A A C B"]
[Result "0-1"]
[WhiteTitle "CM"]
[BlackTitle "CM"]
[WhiteElo "1847"]
[BlackElo "1949"]
[WhiteFideId "10609431"]
[BlackFideId "9901809"]
[EventDate "2025.05.27"]

1. d4 Nf6 2. Nf3 d5 3. e3 c5 4. b3 Nc6 5. Bd3 Bg4 6. h3 Bxf3 7. Qxf3 cxd4 8. O-O
e5 9. Bb5 e4 10. Qg3 dxe3 11. fxe3 Qb6 12. a4 a6 13. Rxf6 gxf6 14. Qf4 axb5 15.
Qxf6 Rg8 16. Nc3 Be7 17. Qf5 Nd4 18. Qxd5 Nf3+ 19. Kh1 Qg6 20. Qxb5+ Kf8 21. Qe2
Qg3 22. gxf3 Qg1# 0-1

[Event "Titled Tue 27th May Late"]
[Site "chess.com INT"]
[Date "2025.05.27"]
[Round "8"]
[White "Zilberstein, Dmitry"]
[Black "Gharibyan, Mamikon"]
[Result "1/2-1/2"]
[WhiteTitle "IM"]
[BlackTitle "GM"]
[WhiteElo "2358"]
[BlackElo "2472"]
[WhiteFideId "2010739"]
[BlackFideId "13308300"]
[EventDate "2025.05.27"]

1. d4 Nf6 2. c4 e6 3. Nf3 d5 4. g3 Bb4+ 5. Bd2 a5 6. Bg2 O-O 7. O-O dxc4 8. Bg5
b5 9. Ne5 Ra6 10. a4 bxa4 11. Nxc4 h6 12. Bxf6 Qxf6 13. e3 Rd8 14. Qxa4 c5 15.
dxc5 Bxc5 16. Qb5 Nd7 17. Nc3 Bf8 18. Rxa5 Rxa5 19. Qxa5 Nc5 20. Qb6 Ba6 21. Nb5
g5 22. b4 Bxb5 23. Qxb5 Nd3 24. Na5 Nxb4 25. Nc6 Nxc6 26. Qxc6 Rd2 27. Qf3 Qb2
28. h4 Kg7 29. hxg5 hxg5 30. Rd1 1/2-1/2

[Event "Titled Tue 27th May Late"]
[Site "chess.com INT"]
[Date "2025.05.27"]
[Round "8"]
[White "Chen, Yidong"]
[Black "Provaznik, Michal"]
[Result "1/2-1/2"]
[BlackTitle "CM"]
[WhiteElo "2038"]
[BlackElo "2050"]
[WhiteFideId "8607028"]
[BlackFideId "315273"]
[EventDate "2025.05.27"]

1. e4 c5 2. Nf3 Nc6 3. Bb5 g6 4. O-O Bg7 5. c3 e5 6. d4 cxd4 7. cxd4 Nxd4 8.
Nxd4 exd4 9. Bf4 Ne7 10. Bd6 O-O 11. Na3 Re8 12. Re1 Nc6 13. Bc4 Qf6 14. Bg3 a6
15. Bd5 b5 16. Rc1 Bb7 17. e5 Qf5 18. Bxc6 Bxc6 19. Qxd4 Re6 20. Nc2 Rae8 21. f4
d6 22. Ne3 Qe4 23. Qxe4 Bxe4 24. b3 dxe5 25. fxe5 Bxe5 26. Bxe5 Rxe5 27. Ng4
R5e6 28. Rc7 f5 29. Nh6+ Kh8 30. Nf7+ Kg8 31. Nh6+ Kh8 32. Nf7+ Kg8 33. Nh6+ 1/2-1/2

[Event "Titled Tue 27th May Late"]
[Site "chess.com INT"]
[Date "2025.05.27"]
[Round "8"]
[White "Garbuz, Vitaliy"]
[Black "Pham, Le Thao Nguyen"]
[Result "0-1"]
[WhiteTitle "CM"]
[BlackTitle "IM"]
[WhiteElo "2224"]
[BlackElo "2388"]
[WhiteFideId "12990710"]
[BlackFideId "12401226"]
[EventDate "2025.05.27"]

1. e4 c6 2. d4 d5 3. exd5 cxd5 4. c4 Nf6 5. Nc3 Nc6 6. Bg5 Be6 7. Be2 Qa5 8. Bf3
Rd8 9. Bxf6 exf6 10. Ne2 dxc4 11. d5 Ne5 12. Nd4 Nd3+ 13. Kf1 Nxb2 14. Qc2 Bb4
15. Nce2 Bxd5 16. Qxb2 O-O 17. h4 c3 18. Qc2 Bc4 19. g3 Rxd4 20. Kg2 Rd2 21. Qe4
Bd5 22. Qe3 Bxf3+ 23. Qxf3 c2 24. a3 Bc5 25. Ra2 Re8 26. Nc3 Rxf2+ 0-1

[Event "Titled Tue 27th May Late"]
[Site "chess.com INT"]
[Date "2025.05.27"]
[Round "8"]
[White "Borisov, Yuri"]
[Black "Garcia Hernandez, Rebeca"]
[Result "1-0"]
[WhiteTitle "FM"]
[BlackTitle "WCM"]
[WhiteElo "2285"]
[BlackElo "1903"]
[WhiteFideId "1503928"]
[BlackFideId "5180872"]
[EventDate "2025.05.27"]

1. e4 c5 2. Nc3 d6 3. Bc4 g6 4. d3 Bg7 5. f4 Nc6 6. Nf3 e6 7. O-O Nge7 8. Qe1
O-O 9. Qh4 a6 10. f5 gxf5 11. Bh6 Ng6 12. Qh5 Bxh6 13. Qxh6 Qf6 14. exf5 exf5
15. Nd5 Qg7 16. Qg5 h6 17. Qh5 b5 18. Bb3 Nd4 19. Nxd4 Qxd4+ 20. Kh1 c4 21. dxc4
bxc4 22. Rad1 Qg7 23. Bxc4 Be6 24. Bb3 Rac8 25. c4 Rc5 26. Nf4 1-0

[Event "Titled Tue 27th May Late"]
[Site "chess.com INT"]
[Date "2025.05.27"]
[Round "8"]
[White "Ferreira, Vitor Hugo Vieira"]
[Black "Distaso, Antonio Pio"]
[Result "1-0"]
[WhiteElo "2128"]
[BlackElo "2253"]
[WhiteFideId "2119765"]
[BlackFideId "805548"]
[EventDate "2025.05.27"]

1. e4 c5 2. Nf3 e6 3. d4 cxd4 4. Nxd4 Nc6 5. Nc3 Qc7 6. Be3 a6 7. Qf3 Nf6 8. Qg3
Ne5 9. f4 Neg4 10. Bg1 b5 11. h3 Nh6 12. e5 b4 13. exf6 bxc3 14. fxg7 cxb2 15.
Rb1 Qa5+ 16. c3 Bxg7 17. Qxg7 Qxc3+ 18. Kd1 Rg8 19. Qxh6 Rg3 20. Qxh7 f5 21. Bf2
Rd3+ 22. Bxd3 Qxd3+ 23. Ke1 Qxb1+ 24. Ke2 Qxh1 25. Qh8+ Ke7 26. Bh4+ Kd6 27.
Qe5# 1-0

[Event "Titled Tue 27th May Late"]
[Site "chess.com INT"]
[Date "2025.05.27"]
[Round "8"]
[White "Ermolaev, Evgeny"]
[Black "Weidenhoefer, Max"]
[Result "1-0"]
[WhiteTitle "FM"]
[BlackTitle "CM"]
[WhiteElo "2282"]
[BlackElo "2171"]
[WhiteFideId "24103195"]
[BlackFideId "16230566"]
[EventDate "2025.05.27"]

1. d4 d5 2. c4 e5 3. dxe5 d4 4. Nf3 Nc6 5. g3 Be6 6. Nbd2 Qd7 7. Bg2 O-O-O 8.
O-O Bh3 9. e6 Bxe6 10. Qb3 Bh3 11. Ne5 Qe6 12. Nxc6 bxc6 13. Bxh3 Qxh3 14. Qa4
Ne7 15. Ne4 Qf5 16. f3 h5 17. Qxa7 Ng6 18. Bd2 Bd6 19. Ba5 Be5 20. Nc5 Rd6 21.
Qa8# 1-0

[Event "Titled Tue 27th May Late"]
[Site "chess.com INT"]
[Date "2025.05.27"]
[Round "8"]
[White "Cervantes Landeiro, Thalia"]
[Black "Gergacz, Attila"]
[Result "0-1"]
[WhiteTitle "FM"]
[BlackTitle "IM"]
[WhiteElo "2278"]
[BlackElo "2383"]
[WhiteFideId "3520498"]
[BlackFideId "730157"]
[EventDate "2025.05.27"]

1. d4 Nf6 2. Nf3 g6 3. Bf4 Bg7 4. e3 d6 5. h3 Nbd7 6. Be2 c5 7. O-O a6 8. c3 b5
9. Nbd2 Bb7 10. Qc2 O-O 11. a4 b4 12. dxc5 bxc3 13. bxc3 Nxc5 14. Rfb1 Nfe4 15.
Rxb7 Nxc3 16. Bc4 Nxb7 17. Ra3 Qa5 18. Nd4 e5 19. Nc6 Qc7 20. Rxc3 exf4 21. Nd4
fxe3 22. fxe3 Rac8 23. Bxf7+ Qxf7 24. Rxc8 Qf2+ 25. Kh1 Qe1+ 26. Kh2 Be5+ 0-1

[Event "Titled Tue 27th May Late"]
[Site "chess.com INT"]
[Date "2025.05.27"]
[Round "8"]
[White "Bagchi, Sounak"]
[Black "Gutkin, Ilya"]
[Result "0-1"]
[BlackTitle "FM"]
[WhiteElo "2030"]
[BlackElo "2320"]
[WhiteFideId "30970059"]
[BlackFideId "16203470"]
[EventDate "2025.05.27"]

1. e4 e5 2. Nf3 Nc6 3. d4 exd4 4. Nxd4 Nf6 5. Nc3 Bb4 6. Nxc6 bxc6 7. Bg5 Qe7 8.
Bd3 h6 9. Bh4 g5 10. Bg3 Nxe4 11. O-O Nxc3 12. bxc3 Bxc3 13. f4 Bxa1 14. Re1
Bd4+ 15. Kh1 Be3 16. Qf3 O-O 17. Rxe3 Qf6 18. Qe4 Qg7 19. f5 d5 20. Qe7 f6 21.
Qc5 Bd7 22. Re7 Rf7 23. Re3 Qf8 24. Qd4 Re8 25. Bxc7 Rxe3 26. Qxe3 Re7 27. Qf2
Qe8 28. h3 Re1+ 29. Kh2 Qe3 30. Qg3 Qg1# 0-1

[Event "Titled Tue 27th May Late"]
[Site "chess.com INT"]
[Date "2025.05.27"]
[Round "8"]
[White "Nayak, Rajesh"]
[Black "Ertan, Can"]
[Result "1-0"]
[WhiteTitle "FM"]
[BlackTitle "IM"]
[WhiteElo "2286"]
[BlackElo "2369"]
[WhiteFideId "35017152"]
[BlackFideId "6306330"]
[EventDate "2025.05.27"]

1. Nf3 Nf6 2. g3 b5 3. Bg2 Bb7 4. O-O e6 5. d3 Be7 6. Nbd2 c5 7. e4 d5 8. Qe2
Nc6 9. Re1 Rc8 10. h4 Nb4 11. Nf1 dxe4 12. dxe4 c4 13. Ne5 O-O 14. Nh2 c3 15. b3
Qd4 16. Bf4 a6 17. h5 h6 18. Rad1 Qb6 19. Nhg4 Nxg4 20. Nxg4 Rfd8 21. a3 Nc6 22.
Qf3 Nd4 23. Rxd4 Qxd4 24. Bxh6 gxh6 25. Nxh6+ Kg7 26. Qxf7+ Kxh6 27. Qg6# 1-0

[Event "Titled Tue 27th May Late"]
[Site "chess.com INT"]
[Date "2025.05.27"]
[Round "8"]
[White "Modric, Nesa"]
[Black "Schulz, Michael1"]
[Result "0-1"]
[WhiteTitle "CM"]
[BlackTitle "FM"]
[WhiteElo "2088"]
[BlackElo "2069"]
[WhiteFideId "922579"]
[BlackFideId "4616731"]
[EventDate "2025.05.27"]

1. d4 Nf6 2. Bg5 c5 3. d5 Ne4 4. Bf4 Qb6 5. Nc3 Qxb2 6. Nxe4 Qb4+ 7. c3 Qxe4 8.
e3 g6 9. f3 Qf5 10. Qd2 Bg7 11. e4 Qf6 12. e5 Qb6 13. h4 d6 14. exd6 exd6 15.
Qe3+ Kd8 16. Bg5+ f6 17. Bf4 Re8 18. Qxe8+ Kxe8 19. Bc4 f5 20. Ne2 Nd7 21. O-O
Ne5 22. Bb3 c4+ 23. Nd4 cxb3 24. axb3 Kf7 25. Rfe1 Bd7 26. Kh2 a6 27. Rad1 Rc8
28. c4 Ng4+ 29. fxg4 Bxd4 30. gxf5 Bxf5 31. Rf1 Re8 32. g4 Re2+ 33. Kg3 Qxb3+
34. Rf3 Bf2+ 35. Kg2 Be4 36. Be3+ Bxf3+ 0-1

[Event "Titled Tue 27th May Late"]
[Site "chess.com INT"]
[Date "2025.05.27"]
[Round "8"]
[White "Garcia Correa, Jose Ricardo"]
[Black "Pavlidou, Ekaterini"]
[Result "0-1"]
[WhiteTitle "FM"]
[BlackTitle "WIM"]
[WhiteElo "2103"]
[BlackElo "2198"]
[WhiteFideId "5101832"]
[BlackFideId "4213262"]
[EventDate "2025.05.27"]

1. e4 c5 2. Nf3 Nc6 3. d4 cxd4 4. Nxd4 Nf6 5. Nc3 e6 6. Nxc6 bxc6 7. Bd3 d5 8.
O-O d4 9. Ne2 e5 10. f4 Bd6 11. Qe1 O-O 12. b3 Ng4 13. Qg3 exf4 14. Bxf4 Bxf4
15. Rxf4 Ne3 16. e5 c5 17. Rh4 Bf5 18. Be4 Rb8 19. c3 Rb6 20. cxd4 cxd4 21. Rf4
Rg6 22. Qf3 Bxe4 23. Qxe4 Rxg2+ 24. Kh1 Rxe2 25. Rg1 Qd5 26. Qxd5 Nxd5 27. Rxd4
Rxe5 28. Rgd1 Nf6 29. Rd8 g6 30. Kg2 Rxd8 31. Rxd8+ Kg7 32. Ra8 Ra5 33. a4 h5
34. Kf3 g5 35. Ke3 Ng4+ 36. Kd3 Nxh2 37. Kc4 g4 38. Kb4 Ra6 39. Kb5 Rb6+ 40. Kc4
g3 41. Rxa7 g2 42. a5 Rf6 0-1

[Event "Titled Tue 27th May Late"]
[Site "chess.com INT"]
[Date "2025.05.27"]
[Round "8"]
[White "Cernov, Henrik"]
[Black "Jing, Andrew"]
[Result "1-0"]
[WhiteTitle "FM"]
[BlackTitle "FM"]
[WhiteElo "2325"]
[BlackElo "2254"]
[WhiteFideId "16258312"]
[BlackFideId "30984076"]
[EventDate "2025.05.27"]

1. e4 c5 2. Nf3 e6 3. d4 cxd4 4. Nxd4 Nf6 5. Nc3 Nc6 6. Ndb5 d6 7. Bf4 e5 8. Bg5
a6 9. Na3 b5 10. Nd5 Be7 11. Bxf6 Bxf6 12. Nb1 Bg5 13. a4 b4 14. c3 bxc3 15.
Nbxc3 O-O 16. Bd3 Nd4 17. O-O Rb8 18. b4 Bb7 19. b5 axb5 20. axb5 Bxd5 21. exd5
Qc7 22. Qh5 g6 23. Qxg5 Qxc3 24. Rad1 Nxb5 25. Bxb5 Rxb5 26. Qe7 Qc5 27. Rc1
Qxd5 28. Rcd1 Qc5 29. Rxd6 Rb6 30. Rxg6+ hxg6 31. Qxc5 Re6 32. Re1 Rfe8 33. f3
f5 34. Qd5 Kg7 35. Rc1 e4 36. Rc7+ Kh6 37. fxe4 Rxe4 38. Qd2+ g5 39. h3 Re2 40.
Qd7 g4 41. h4 Re1+ 42. Kh2 g3+ 43. Kh3 Rh1+ 44. Kxg3 f4+ 45. Kf2 Rhe1 46. Qh7# 1-0

[Event "Titled Tue 27th May Late"]
[Site "chess.com INT"]
[Date "2025.05.27"]
[Round "8"]
[White "Becking, Stephan"]
[Black "Papasimakopoulos, Alexandros"]
[Result "0-1"]
[WhiteTitle "IM"]
[BlackTitle "IM"]
[WhiteElo "2410"]
[BlackElo "2366"]
[WhiteFideId "4632478"]
[BlackFideId "4244125"]
[EventDate "2025.05.27"]

1. d4 Nf6 2. c3 b6 3. Nf3 Bb7 4. Bf4 g6 5. Nbd2 Bg7 6. e3 d6 7. h3 O-O 8. Be2
Nfd7 9. O-O e5 10. dxe5 dxe5 11. Bg3 f5 12. Qb3+ Kh8 13. Bh4 Qe8 14. Ng5 Nc5 15.
Qc2 h6 16. Ngf3 g5 17. Bg3 f4 18. Bh2 Nbd7 19. exf4 exf4 20. Rfe1 Qf7 21. b4 Ne6
22. Bc4 Rfe8 23. Qb3 Ndf8 24. Re2 Re7 25. Rae1 Rae8 26. Nd4 Bxd4 27. cxd4 Qf6
28. Qb2 Ng7 29. Rxe7 Rxe7 30. Rxe7 Qxe7 31. d5 Ng6 32. Nf1 Ne5 33. Bb3 Qd6 34.
Qd4 Nf5 35. Qe4 Ne7 36. h4 Bxd5 37. Bxd5 Qxd5 38. Qxd5 Nxd5 39. hxg5 hxg5 40. a3
Nc4 0-1

[Event "Titled Tue 27th May Late"]
[Site "chess.com INT"]
[Date "2025.05.27"]
[Round "8"]
[White "Caprio, Guido"]
[Black "Perez Rojas, Jorge"]
[Result "0-1"]
[WhiteTitle "IM"]
[BlackTitle "FM"]
[WhiteElo "2435"]
[BlackElo "2100"]
[WhiteFideId "834580"]
[BlackFideId "3452093"]
[EventDate "2025.05.27"]

1. d4 d5 2. Nf3 Nf6 3. c4 e6 4. Nc3 c6 5. e3 Bd6 6. Qc2 Nbd7 7. Bd3 O-O 8. O-O
dxc4 9. Bxc4 e5 10. Rd1 Qe7 11. Ng5 exd4 12. exd4 h6 13. Nf3 Nb6 14. Re1 Qc7 15.
Bb3 Re8 16. Bxh6 Bg4 17. Qg6 Bf8 18. Ne5 Rxe5 19. dxe5 Bh5 20. Qg5 Nfd5 21. Qxh5
gxh6 22. Re4 Kh8 23. Rae1 Bg7 24. Nxd5 cxd5 25. Rf4 Rf8 26. Rf6 Nd7 27. Rxh6+
Bxh6 28. Qxh6+ Kg8 29. Qg5+ Kh8 30. Re3 Qc1+ 0-1

[Event "Titled Tue 27th May Late"]
[Site "chess.com INT"]
[Date "2025.05.27"]
[Round "8"]
[White "Hua, Eugene"]
[Black "Iskusnyh, Sergei"]
[Result "0-1"]
[WhiteTitle "FM"]
[BlackTitle "GM"]
[WhiteElo "2240"]
[BlackElo "2440"]
[WhiteFideId "2618150"]
[BlackFideId "4120027"]
[EventDate "2025.05.27"]

1. d4 d5 2. Nf3 Nf6 3. Nbd2 Bf5 4. g3 h6 5. Bg2 e6 6. O-O Be7 7. c4 c6 8. Qb3
Qb6 9. c5 Qa6 10. Re1 b6 11. cxb6 axb6 12. Ne5 O-O 13. h3 c5 14. e3 c4 15. Qd1
b5 16. a4 bxa4 17. b3 c3 18. Rxa4 cxd2 19. Rxa6 dxe1=Q+ 20. Qxe1 Rxa6 21. Bd2
Nc6 22. g4 Bh7 23. Bc3 Nxe5 24. dxe5 Ne4 25. Bd4 Bh4 26. Qb4 Bxf2+ 27. Kf1 Ra2
28. Bxe4 Bxe4 29. Bc3 Bxe3 30. Qb5 Rc8 0-1

[Event "Titled Tue 27th May Late"]
[Site "chess.com INT"]
[Date "2025.05.27"]
[Round "8"]
[White "Marchesich, Giovanni"]
[Black "Arabidze, Meri"]
[Result "0-1"]
[WhiteTitle "CM"]
[BlackTitle "IM"]
[WhiteElo "2219"]
[BlackElo "2440"]
[WhiteFideId "2824790"]
[BlackFideId "13604040"]
[EventDate "2025.05.27"]

1. d4 d5 2. Nc3 Nf6 3. Bf4 e6 4. e3 Bb4 5. Bd3 c5 6. Nf3 c4 7. Be2 Ne4 8. O-O
Bxc3 9. bxc3 Nxc3 10. Qd2 Ne4 11. Qb4 Nc6 12. Qa3 Qe7 13. Qb2 O-O 14. c3 b6 15.
a4 Bd7 16. Ne1 Na5 17. Bd1 Rae8 18. f3 Nd6 19. Bc2 f6 20. Qb1 f5 21. Be5 Nf7 22.
Bg3 g6 23. e4 Nd6 24. e5 Nf7 25. f4 Kh8 26. Nf3 Rg8 27. Bh4 g5 28. fxg5 Rg6 29.
Qc1 Reg8 30. Kh1 Qe8 31. Qf4 Nb3 32. Bxb3 cxb3 33. g4 fxg4 34. Qxg4 Nh6 35. gxh6
Rxg4 36. Bf6+ R8g7 37. hxg7+ Kg8 38. Rg1 Qg6 39. Ng5 Rxg1+ 40. Rxg1 b2 0-1